[Event "HUN-chT 1920"]
[Site "Hungary"]
[Date "2019.11.16"]
[Round "1.9"]
[White "Papp, Petra"]
[Black "Marosi, Levente"]
[Result "1/2-1/2"]
[WhiteElo "2341"]
[BlackElo "2253"]
[PlyCount "63"]
[EventDate "2019.11.16"]
[EventType "team-tourn"]
[EventRounds "9"]
[EventCountry "HUN"]
[SourceTitle "CBM 193 Extra"]
[Source "ChessBase"]
[SourceDate "2020.01.31"]
[SourceVersion "1"]
[SourceVersionDate "2020.01.31"]
[SourceQuality "1"]
[WhiteTeam "Dunaharaszti"]
[BlackTeam "Budapest MTK"]
[WhiteTeamCountry "HUN"]
[BlackTeamCountry "HUN"]

1. e4 c6 2. d4 d5 3. Nd2 dxe4 4. Nxe4 Bf5 5. Ng3 Bg6 6. h4 h6 7. Nf3 Nd7 8. h5 Bh7 9. Bd3 Bxd3 10. Qxd3 e6 11. Bd2 Ngf6 12. 0-0-0 Bd6 13. Ne4 Nxe4 14. Qxe4 Nf6 15. Qe2 Bc7 16. c4 b5 17. Kb1 bxc4 18. Qxc4 Qd5 19. Rc1 Qf5+ 20. Ka1 0-0 21. Qxc6 Bb6 22. Qc2 Qxc2 23. Rxc2 Rfd8 24. Rh4 Rd5 25. g4 Ne4 26. Be3 Ng5 27. Nxg5 hxg5 28. Rh1 Bxd4 29. Bxd4 Rxd4 30. f3 Rad8 31. b3 Rf4 32. Rc3 1/2-1/2

[Event "HUN-ch rapid"]
[Site "Ajka"]
[Date "2019.07.21"]
[Round "12"]
[White "Nemeth, Zoltan"]
[Black "Marosi, Levente"]
[Result "1-0"]
[WhiteElo "2275"]
[BlackElo "2225"]
[PlyCount "72"]
[EventDate "2019.07.19"]
[EventType "swiss (rapid)"]
[EventRounds "13"]
[EventCountry "HUN"]
[SourceTitle "CBM 191 Extra"]
[Source "ChessBase"]
[SourceDate "2019.09.30"]
[SourceVersion "1"]
[SourceVersionDate "2019.09.30"]
[SourceQuality "1"]

1. d4 Nf6 2. Nf3 e6 3. g3 b5 4. Bg2 d5 5. 0-0 Be7 6. Bg5 0-0 7. c3 h6 8. Bxf6 Bxf6 9. Nbd2 Bb7 10. Re1 Nd7 11. e4 dxe4 12. Nxe4 Be7 13. Ne5 Nxe5 14. dxe5 Qxd1 15. Raxd1 Bd5 16. b3 Rad8 17. f4 a5 18. Nf2 c6 19. Re2 Bc5 20. Red2 Rc8 21. Kf1 a4 22. Nd3 Be7 23. b4 Bc4 24. Ke1 g5 25. Kf2 c5 26. bxc5 Bxc5+ 27. Nxc5 Rxc5 28. Be4 Kg7 29. Ke3 Rfc8 30. Rb1 R8c7 31. Rb4 Bf1 32. Kf2 Bc4 33. Ke3 Bf1 34. Kf2 Bc4 35. Ke3 Bf1 36. Kf2 Bc4 1-0